000 01686nam a22001577a 4500
999 _c514218
_d514218
008 201016b ||||| |||| 00| 0 eng d
100 _aNair, Aparna
_918677
245 _aVaccinating against Vasoori: eradicating smallpox in the ‘model’ princely state of Travancore, 1804–1946
260 _aIndian Economic and Social History Review
300 _a56(4), Oct-Dec, 2019: p.361-386
520 _aThe social and medical histories of vaccination are increasingly important in the twenty-first century, as anti-vaccination narratives threaten herd immunity across the world. Much of the historical scholarship on vaccination in India focusses on smallpox, largely in the context of the colonial or post-colonial state. This article explores the histories of this policy in the ‘model’ princely state of Travancore. The essay integrates medical and social history as it tracks the introduction and progress of vaccination into the princely state and examines the process as biomedical discourse about disease and public health, and as a set of corporeal practices. The article also examines the broader cultural meanings ascribed to biomedicine in this princely state and the efforts to construct a ‘modern’ corporeal consciousness through direct and indirect interventions. Finally, the article also engages with the question of what exactly the introduction of biomedicine entailed for the average resident of this region in terms of disease control and prevention.– Reproduced
650 _aSmallpox, Vaccination, Colonial, Travancore, Princely state, Caste
_918664
773 _aIndian Economic and Social History Review
906 _aVACCINATION
942 _cAR